000 00613nam a2200217 i 4500
001 bg
100 1 _aBRZEZIN, Włodzimierz
245 1 0 _aOgólna teoria rachunkowości /
_cWłodzimierz Brzezin ; Politechnika Częstochowska.
260 _aCzęstochowa :
_bWydaw. PC,
_c1995.
300 _a271 s. :
_brys. ;
_c24 cm.
504 _aBibliogr. s. 266-271.
650 9 _aRachunkowość
_xteoria
655 _aPodręczniki akademickie
020 _a8385031537
040 _cBPK
041 0 _apl
080 _a657(075.8)
920 _a83-85031-53-7
942 _cKS
008 s pl f |000 0 pol
999 _c24535
_d24535
856 _uhttp://koha.tu.koszalin.pl/cgi-bin/koha/opac-detail.pl?biblionumber=24535
_yKatalog online BPK